Score 0/141 Timer 10:00
6 Plays Today
% Correct
the
95.1%
the
95%
the
95%
the
95%
the
95%
the
95%
the
95%
a
94.8%
I
87.7%
I
87.7%
I
87.7%
I
87.7%
do.
86.2%
do
86.2%
you
84.3%
you
84.3%
you,
84.3%
and
83.6%
and
83.6%
and
83.6%
AND
83.6%
Who
79.3%
who?
79.3%
me?'
78%
me!
78%
Pandorica
77.3%
Pandorica?'
77.3%
Pandorica
77.3%
So
75.2%
am
74.2%
to
73.8%
to...
73.8%
it
72.8%
in
72.3%
in
72.3%
No
71.7%
no
71.7%
no
71.7%
is:
70.7%
on!
70.7%
on
70.7%
thing.
68.8%
first.
68.5%
Let
68.1%
try
67.8%
a
67.4%
ever
67.3%
% Correct
your
67%
your
67%
your
67%
then,
66.8%
THEN,
66.8%
else,
66.8%
else
66.8%
all
66.1%
all
66.1%
all
66.1%
Hello
65.4%
take
64.8%
every
63.7%
of
63.6%
there
62.4%
spaceship
62.3%
have:
62%
smart
62%
somebody
61.7%
day
61%
from
60.7%
universe!
59.6%
plan,
59.2%
at
58.5%
Come
58.3%
up
57.3%
remember
57.3%
Remember
57.3%
question
57.2%
question:
57.2%
'Who's
57%
'Who's
57%
who's
57%
if
56.8%
weapons
56.6%
just
56.3%
just
56.3%
'cause
56.1%
Stonehenge!
56%
talking!
55.8%
But,
55.2%
with
55.2%
got
54.6%
got
54.6%
don't
54.5%
Look
54.4%
little
54.3%
% Correct
little
54.3%
any
53.8%
stopped
53.7%
takes
53.7%
takes
53.7%
because
53%
guess
52.9%
guns...
52.9%
black
52.8%
you're
52.4%
you're
52.4%
Answer:
51.7%
about,
51.7%
Next
51.6%
way.
51.3%
lose!
50.6%
silly
50.1%
silly
50.1%
Now
50%
it's
49.9%
Could
48.6%
minute,
48.4%
standing
48.3%
anything...
48.2%
whizzing
48.1%
still
47.5%
something
47.3%
backup,
46.8%
hour
45.9%
very
45.8%
distracting.
44.8%
coming
44.5%
damn.
43.5%
everyone,
43.2%
worth
43.2%
taking
42.9%
stay
42.8%
sitting
42.7%
bad
42.6%
really
42.2%
Oh,
42%
plans
41.4%
you've
40.2%
lot,
40.2%
news
39.9%
tonight,
38.9%
Listen,
34%
Come Together.
Have Fun.
All Virtual.
We all need to come together. Play Sporcle's virtual live trivia to have fun, connect with people, and get your trivia on. Join a live hosted trivia game for your favorite pub trivia experience done virtually. If a virtual private party is more your thing, go here for details.

You're not logged in!

Compare scores with friends on all Sporcle quizzes.
OR
Log In

Sporcle TV

Today on Sporcle TV


Watch our educational content, quiz creation guides, and fun videos on Sporcle TV.

Show Comments

Extras

Top Quizzes Today


Score Distribution

Paid Content

Your Account Isn't Verified!

In order to create a playlist on Sporcle, you need to verify the email address you used during registration. Go to your Sporcle Settings to finish the process.

Report this User

Report this user for behavior that violates our Community Guidelines.

Details: